Statistics for Stray Kids

Click here to take the quiz!

General Stats

  • This quiz has been taken 1,402 times
  • The average score is 11 of 15

Answer Stats

QuestionAnswer% Correct
Youngest MemberJeongin
87%
Oldest MemberWoojin
87%
Which member is not fluent in KoreanFelix
82%
What company are they fromJYP
82%
Who is the LeaderChan
78%
First SongHellevator
75%
Which member was a backup dancer for BTSMinho
75%
Which member has been a trainee the longestChan
73%
Which member currently has bracesJeongin
72%
Which member was the first to be elminatedMinho
72%
Which member used to study in malaysiaJisung
70%
What city are Chan and Felix fromSydney
68%
[BONUS] What member is my BiasFelix
67%
Which members are in 3RACHA oldest-youngestChan, Changbin, Jisung
60%
Who can play guitar wellWoojin
58%

Score Distribution

Percentile by Number Answered

Percent of People with Each Score

Your Score History

You have not taken this quiz